000 00549nam a22001697a 4500
999 _c20143
_d20143
005 20180323154422.0
008 180323b2005 ck ||||| |||| 00| 0 eng d
040 _aCO-BoIAVH
_cCO-BoIAVH
041 _aeng
044 _ack
090 _aFG-
_b0284
245 0 0 _aUsing strategic assessments for environmental mainstreaming in the water and sanitation sector:
_bthe cases of Argentina and Colombia
260 _a:
_bThe World Bank,
_c2005.
300 _a23 páginas,
490 _aSustainable Development Working Paper,
_v26
942 _2z
_cFolleto